[Event "Thessaloniki-Chalkidiki-chT B local"]
[Site "Thessaloniki"]
[Date "2019.03.17"]
[Round "8.2"]
[White "Kioutsoukos, Dimitrios"]
[Black "Kourtesis, Dimos"]
[Result "1/2-1/2"]
[WhiteElo "1624"]
[BlackElo "1626"]
[PlyCount "88"]
[EventDate "2019.01.13"]
[EventType "team-swiss"]
[EventRounds "9"]
[EventCountry "GRE"]
[SourceTitle "EXT 2020"]
[Source "ChessBase"]
[SourceDate "2019.10.17"]
[SourceVersion "1"]
[SourceVersionDate "2019.10.17"]
[SourceQuality "1"]

1. d4 Nf6 2. c4 e6 3. g3 d5 4. Nf3 h6 5. Bg2 Be7 6. 0-0 0-0 7. Qc2 b6 8. cxd5 exd5 9. Bf4 c5 10. dxc5 bxc5 11. Rd1 Bb7 12. Nc3 Nbd7 13. Ne5 g5 14. Nxd7 Qxd7 15. Bc1 d4 16. Bxb7 Qxb7 17. Na4 Qe4 18. Qxe4 Nxe4 19. b3 Rac8 20. Ba3 Rc7 21. Rac1 Rfc8 22. Rc4 Nf6 23. Rdc1 Nd7 24. b4 Nb6 25. Nxb6 axb6 26. bxc5 bxc5 27. Bb2 Bd6 28. R1c2 f5 29. Bc1 Kf7 30. e3 Ke6 31. exd4 cxd4 32. Rxc7 Rxc7 33. Rxc7 Bxc7 34. Kf1 Kd5 35. Ke2 Kc4 36. Bb2 h5 37. Bc1 d3+ 38. Kd1 g4 39. Bf4 Bb6 40. Be3 Ba5 41. Bf4 Bb6 42. Be3 Ba5 43. Bd2 Bb6 44. Be3 Ba5 1/2-1/2

[Event "Thessaloniki-Chalkidiki-chT B local"]
[Site "Thessaloniki"]
[Date "2019.02.24"]
[Round "6.2"]
[White "Tsinaris, Fotis"]
[Black "Kioutsoukos, Dimitrios"]
[Result "1/2-1/2"]
[WhiteElo "1923"]
[BlackElo "1624"]
[PlyCount "79"]
[EventDate "2019.01.13"]
[EventType "team-swiss"]
[EventRounds "9"]
[EventCountry "GRE"]
[SourceTitle "EXT 2020"]
[Source "ChessBase"]
[SourceDate "2019.10.17"]
[SourceVersion "1"]
[SourceVersionDate "2019.10.17"]
[SourceQuality "1"]

1. d4 Nf6 2. c4 e6 3. g3 d5 4. Bg2 Be7 5. Nf3 0-0 6. 0-0 dxc4 7. Ne5 Nc6 8. Nxc6 bxc6 9. Na3 Bxa3 10. bxa3 Nd5 11. Qa4 Nb6 12. Qxc6 Rb8 13. Qc5 Qd6 14. Rb1 Bb7 15. Bf4 Qxc5 16. dxc5 Bxg2 17. Kxg2 Nd5 18. Rfc1 Nxf4+ 19. gxf4 f5 20. Rb4 a5 21. Rbxc4 Rfd8 22. R1c2 c6 23. R4c3 Rd4 24. e3 Rd5 25. Rb3 Rxb3 26. axb3 Rd3 27. b4 Kf7 28. Ra2 Rb3 29. bxa5 Rb5 30. Rc2 Rxa5 31. Rc3 Kf6 32. Kf3 e5 33. fxe5+ Kxe5 34. Ke2 Kd5 35. Kd3 g5 36. f3 Ra4 37. Kc2 Rh4 38. Kb3 Rxh2 39. a4 g4 40. e4+ 1/2-1/2

[Event "Thessaloniki-Chalkidiki CupT"]
[Site "Thessaloniki"]
[Date "2019.02.09"]
[Round "1.2"]
[White "Kioutsoukos, Dimitrios"]
[Black "Galanis, Nikolaos Panagiotis"]
[Result "1-0"]
[WhiteElo "1503"]
[BlackElo "1412"]
[PlyCount "117"]
[EventDate "2019.02.09"]
[EventType "team-swiss"]
[EventRounds "5"]
[EventCountry "GRE"]
[SourceTitle "EXT 2021"]
[Source "ChessBase"]
[SourceDate "2020.10.23"]
[SourceVersion "1"]
[SourceVersionDate "2020.10.23"]
[SourceQuality "1"]

1. d4 Nf6 2. c4 g6 3. Nc3 Bg7 4. e4 d6 5. Be2 0-0 6. Nf3 e5 7. 0-0 Nc6 8. d5 Ne7 9. Ne1 Nd7 10. Nd3 f5 11. f3 f4 12. Bd2 g5 13. Rc1 Rf6 14. b4 a6 15. c5 Rg6 16. a4 Nf6 17. Nf2 h5 18. h3 Rh6 19. cxd6 cxd6 20. a5 Ng6 21. Be1 Rh7 22. Na4 Nd7 23. Qc2 Bf8 24. Qb3 Qf6 25. Rc3 Rg7 26. Bd2 Rb8 27. Rfc1 Qd8 28. Qc2 Ne7 29. Rc7 Kh8 30. Nb6 Nxb6 31. axb6 Rg8 32. b5 axb5 33. Bxb5 Bh6 34. Be2 Bd7 35. Ra1 Nc8 36. Qb2 Rg7 37. Rac1 Be8 38. Qb4 Rd7 39. Bb5 Re7 40. Rxe7 Qxe7 41. Rc7 Qd8 42. Bxe8 Qxe8 43. Nd3 Bf8 44. Nb2 Qg6 45. Rc3 Ne7 46. Nc4 Ng8 47. Na5 g4 48. hxg4 hxg4 49. fxg4 Qxg4 50. Rh3+ Kg7 51. Qc3 Rc8 52. Qf3 Qg6 53. Bxf4 exf4 54. Qxf4 Qf6 55. Qg4+ Kf7 56. Qxc8 Qa1+ 57. Kh2 Qxa5 58. Qe6+ Kg7 59. Rg3+ 1-0